00628cam a22002057a 4500003000500000005001700005008004100022010001000063011001000073035001000083040000900093100001900102245009100121260007500212300000900287490004200296650001900338650002500357830004000382CHAP20220817041543.0971013s1982 r 00010 d a17890 a18862 a22947 cCHAP00aJowell, Roger.13aUn código profesional para estadísticos?b: algunos aspectos éticos y técnicos aMéxico, D.F., :bDirección General de Economía Agrícola,c1982 a33 p 0aEconotecnia Agrícolav; v.6, No. 1214aEstadística.14aÉtica profesional.0 aEconotecnia agricolav; v.6, No. 12